| 000 | 01027nmm a2200337 a 4500 | ||
|---|---|---|---|
| 003 | AR-BaBNM | ||
| 005 | 20251128210117.0 | ||
| 008 | 019019s1996 ||||||||||||||000 | spa|| | ||
| 020 | _a84-7666-076-6 | ||
| 040 | _cAR-BaBNM | ||
| 245 | 1 | 0 | _a10 olimpíadas iberoamericanas de matemática |
| 246 | 2 | _aDiez olimpíadas iberoamericanas de matemática | |
| 260 |
_aMadrid _bOEI _c1996 |
||
| 300 |
_a277 p. _bgráfs., tablas |
||
| 500 | _aOEI: Organización de Estados Iberoamericanos para la Educación, la Ciencia y la Cultura | ||
| 504 | _aContiene bibliografía p. 271-277 | ||
| 650 | 4 | _aMATEMATICA | |
| 650 | 4 | _aCONCEPTOS MATEMATICOS | |
| 650 | 4 | _aARITMETICA | |
| 650 | 4 | _aGEOMETRIA | |
| 650 | 4 | _aSOLUCION DE PROBLEMAS | |
| 651 | 4 | _aIBEROAMERICA | |
| 653 | _aPROBLEMAS [MATEMATICA] | ||
| 700 | 1 | _aFauring, Patricia | |
| 700 | 1 | _aGutiérrez, Flora | |
| 700 | 1 | _aTamm de Araujo Moreira, Carlos Gustavo | |
| 700 | 1 | _aWagner, Eduardo | |
| 700 | 1 | _aWykowski, Ana Renata | |
| 942 | _cBK | ||
| 998 | _cRaquel | ||
| 999 |
_c14084 _d14084 |
||